Statistiques concernant Que s'est-il passé un 19 mars?

Cliquez ici pour prendre le quiz!

Statistiques générales

  • Ce quiz a été pris 22 fois
  • Le résultat moyen est 5 sur 16

Statistiques - réponses

AnnéeIndiceRéponse% Correct
1932Cette ville australienne inaugure son Harbourg BridgeSydney
90%
1962Fin de la guerre d'indépendance dans ce paysAlgérie
86%
1944L'Allemagne occupe ce pays d'Europe centraleHongrie
57%
1995À Lyon, projection du remake du film considéré comme le premier de l'histoire du cinéma et réalisé par cet hommeLouis Lumière
57%
1315Ce roi octroye la Charte aux NormandsLouis X
38%
1920Le Sénat américain rejette ce traitéTraité de Versailles
33%
1702Cette reine est couronnée reine d'Angleterre et d'ÉcosseAnne
29%
2011Début d'une intervention militaire dans ce pays, demandée par l'O.N.ULibye
29%
1284Le Statut de Rhuddlan est promulgué incorporant ce territoire à l'AngleterrePays de Galles
24%
1950Le Mouvement national des partisants de la paix et Frédéric Joliot-Curie lancent un appel anti-bome atomique nommé appel de .... (capitale européenne)Stockholm
24%
1823Agustín de Iturbide, empereur de ce pays, abdiqueMexique
19%
1563Paix entre les protestants et les catholiques de France nommée paix d'.......Amboise
10%
1907Émile Mauchamps est tué dans cette ville, ce qui cause la campagne du MarocMarrakech
10%
1853Cette ville tombe aux mains des TaipingNankin
5%
1687Cet explorateur français est assassiné par ses hommes en LousianeRéné-Robert Cavelier de la Salle
5%
1279Cette dynastie chinoise bat la dynastie Song à la bataille de YamenYuan
5%

Distribution des résultats

Percentile par nombre de réponses

% des personnes avec chaque résultat

Votre développement - résultats

Vous n’avez pas pris ce quiz